Consensos en torno al reclamo de mediciones no tradicionales a nivel macro (Registro nro. 27447)

Detalles MARC
000 -LEADER
fixed length control field 00438 a2200109 4500
001 - CONTROL NUMBER
control field ART_15661
005 - DATE AND TIME OF LATEST TRANSACTION
control field 20260410161918.0
008 - FIXED-LENGTH DATA ELEMENTS--GENERAL INFORMATION
fixed length control field 260409a
100 1# - MAIN ENTRY--PERSONAL NAME
Personal name Rodríguez de Ramírez, María del Carmen
245 10 - TITLE STATEMENT
Title Consensos en torno al reclamo de mediciones no tradicionales a nivel macro
773 0# - HOST ITEM ENTRY
Title Documentos de trabajo de contabilidad, auditoría y responsabilidad social
Related parts - Año 2, Nº 3 (jun. 2012)
Record control number REV14385

No hay ítems disponibles.